The spirit in public theology : (Record no. 41745)
[ view plain ]
| 000 -LEADER | |
|---|---|
| fixed length control field | 01060cam a22002774a 4500 |
| 001 - CONTROL NUMBER | |
| control field | 13623272 |
| 005 - DATE AND TIME OF LATEST TRANSACTION | |
| control field | 20180502084318.0 |
| 008 - FIXED-LENGTH DATA ELEMENTS--GENERAL INFORMATION | |
| fixed length control field | 040614s2005 miu b 001 0 eng |
| 010 ## - LIBRARY OF CONGRESS CONTROL NUMBER | |
| LC control number | 2004013961 |
| 020 ## - INTERNATIONAL STANDARD BOOK NUMBER | |
| International Standard Book Number | 0801027403 |
| 040 ## - CATALOGING SOURCE | |
| Original cataloging agency | DLC |
| Transcribing agency | DLC |
| Modifying agency | DLC |
| 042 ## - AUTHENTICATION CODE | |
| Authentication code | pcc |
| 100 1# - MAIN ENTRY--PERSONAL NAME | |
| Personal name | Bacote, Vincent, |
| Dates associated with a name | 1965- |
| 245 14 - TITLE STATEMENT | |
| Title | The spirit in public theology : |
| Remainder of title | appropriating the legacy of Abraham Kuyper / |
| Statement of responsibility, etc | Vincent E. Bacote. |
| 260 ## - PUBLICATION, DISTRIBUTION, ETC. (IMPRINT) | |
| Place of publication, distribution, etc | Grand Rapids, Mich. : |
| Name of publisher, distributor, etc | Baker Academic, |
| Date of publication, distribution, etc | c2005. |
| 300 ## - PHYSICAL DESCRIPTION | |
| Extent | 172 p. ; |
| Dimensions | 22 cm. |
| 336 ## - CONTENT TYPE | |
| Content Type Term | text |
| 337 ## - MEDIA TYPE | |
| Media Type Term | unmediated |
| 338 ## - CARRIER TYPE | |
| Carrier Type Term | volume |
| 504 ## - BIBLIOGRAPHY, ETC. NOTE | |
| Bibliography, etc | Includes bibliographical references (p. 157-164) and index. |
| 505 0# - FORMATTED CONTENTS NOTE | |
| Formatted contents note | Weaving the thread -- Abraham Kuyper's public theology at its zenith (1890-1905) -- The spirit of Kuyper's public theology -- The spirit and creation stewardship -- Compelled to "go public". |
| 600 10 - SUBJECT ADDED ENTRY--PERSONAL NAME | |
| Personal name | Kuyper, Abraham, |
| Dates associated with a name | 1837-1920. |
| 650 #0 - SUBJECT ADDED ENTRY--TOPICAL TERM | |
| Topical term or geographic name as entry element | Public theology. |
| 856 41 - ELECTRONIC LOCATION AND ACCESS | |
| Materials specified | Table of contents |
| Uniform Resource Identifier | <a href="http://www.loc.gov/catdir/toc/ecip0418/2004013961.html">http://www.loc.gov/catdir/toc/ecip0418/2004013961.html</a> |
| 942 ## - ADDED ENTRY ELEMENTS (KOHA) | |
| Source of classification or shelving scheme | Library of Congress Classification |
| Item type | Books |
| Withdrawn status | Lost status | Source of classification or shelving scheme | Damaged status | Not for loan | Home library | Current library | Shelving location | Date acquired | Source of acquisition | Inventory number | Total Checkouts | Full call number | Barcode | Date last seen | Price effective from | Koha item type |
|---|---|---|---|---|---|---|---|---|---|---|---|---|---|---|---|---|
| Library of Congress Classification | BSOP Library | BSOP Library | GC | 05/02/2018 | 40805 | BX9479 K96 2005 | 00051805 | 05/02/2018 | 05/02/2018 | Books |
